| 000 | 00458nam a2200145Ia 4500 | ||
|---|---|---|---|
| 008 | 211109s9999||||xx |||||||||||||| ||und|| | ||
| 082 |
_a894.89107 _bVAD-V |
||
| 100 | _aVadhyar, K K | ||
| 245 | 0 | _aVritthavichaaram:A Commentary on Bhashavrittham | |
| 260 |
_bSahithya Pravarthaka... _aKottayam _c1967 |
||
| 300 | _a213p. | ||
| 630 | _xGeneral Stack | ||
| 650 |
_aAltaic, Uralic, Hyperborean & Dravidian _vLiterature & rhetoricStudy _xMalayalam |
||
| 942 | _cBOOK | ||
| 999 |
_c30020 _d30020 |
||